US States With The Most Cities - Statistics

General Stats
  • This quiz has been taken 15 times
  • The average score is 8 of 10
Answer Stats
# State % Correct
1,291 Illinois
100%
925 Ohio
100%
944 Missouri
92%
595 New York
92%
1,013 Pennsylvania
92%
1,225 Texas
92%
853 Minnesota
62%
605 Wisconsin
62%
624 Kansas
54%
943 Iowa
38%
No matching quizzes found
Score Distribution
Percent of People with Each Score
Percentile by Number Answered
Your Score History
You have not taken this quiz